000 01132nam a2200313 i 4500
003 EG-GICUC
005 20260121101218.0
008 251113s1987 UA ||||fr|||| 000 0 ARA d
040 _a EG-GICUC
_bara
_c EG-GICUC
_d EG-GICUC
_erda
041 0 _aARA
082 0 4 _221
_a341.77
_bأ ح . ع
092 0 4 _221
099 _aLaw1 11 1987 341.77 أ ح . ع
100 0 _aأحمد محمد رفعت ،
_eمؤلف.
245 1 2 _aالعنف والسياسة فى القانون الدولى /
_cتأليف د. أحمد محمد رفعت.
264 1 _aالقاهرة :
_bاتحاد المحامين العرب ،
_c1987 .
300 _a صفحة ؛ 20
_b
_c24 سم
336 _2rda content
_atext
337 _2rda media
_aComputer
338 _2rda carrier
_aOnline Resource
504 _aيشتمل على ارجاعات ببليوجرافية .
546 _aالنص باللغة العربية
650 1 4 _aقانون دولى
650 1 4 _aالقانون الجنائى الدولى
651 1 _2qrmak
856 4 0 _uhttps://fll.law.cu.edu.eg/fulltext/bks/B11-06450.pdf
905 _a76
942 _2ddc
_cBK
_e21
_n0
999 _c43054
_d43054